00517nam a22001577a 450000500170000000800410001702000220005804100080008008200170008810000430010524501040014825000170025226000560026930000100032565000240033520251127182342.0251125b |||||||| |||| 00| 0 eng d a978-93-91208-63-9 aeng a615.32 UDD-P aUDDIN, REHAN AND PATHAK, MUKESH KUMAR  aPHYSICAL PHARMACEUTICS-II ACCORDING TO NEW REGULATIONS PCI : For B pharma [ 2nd year] 4th semester  a1st ed, 2022 aNEW DELHI bINNOVATIVE PUBLICATIONS PVT. LTD c2023 a101;P aPHARMACY xB.PHARMA